[Event "CAN-ch U10 Girls"]
[Site "Victoria"]
[Date "2009.07.22"]
[Round "4"]
[White "Dallaire, Samuelle"]
[Black "Giblon, Melissa"]
[Result "0-1"]
[WhiteElo "853"]
[BlackElo "1208"]
[PlyCount "31"]
[EventDate "2009.07.21"]
[EventType "tourn"]
[EventRounds "5"]
[EventCountry "CAN"]
[SourceTitle "EXT 2011"]
[Source "ChessBase"]
[SourceDate "2010.11.26"]
[SourceVersion "1"]
[SourceVersionDate "2010.11.26"]
[SourceQuality "1"]

1. e4 e5 2. Nf3 Nc6 3. Bc4 Bc5 4. d3 Nf6 5. Nc3 d6 6. Bg5 h6 7. Bh4 Bg4 8. h3 Bh5 9. 0-0 g5 10. Bg3 Qd7 11. Na4 Nd4 12. Qd2 Bxf3 13. gxf3 Nxf3+ 14. Kh1 Nxd2 15. Rfd1 Qxh3+ 16. Kg1 0-1